| 000 | 00897nac a22001811u 4500 | ||
|---|---|---|---|
| 008 | 100808s19?? ua|||||| ||| 00| daara d | ||
| 082 |
_a247.1 _bم غ ر |
||
| 100 |
_aالمغربي،النعمان بن محمد _917175 |
||
| 245 |
_aكتاب الهمة في آداب اتباع الأئمة/ _cالنعمان بن محمد المغربي؛نشر وتحقيق محمد كامل حسين |
||
| 260 |
_aالقاهرة: _bدار الفكر العربي، _c[19??] |
||
| 300 |
_a142 ص؛ _c24 سم |
||
| 490 |
_917178 _aسلسة مخطوطات الفاطميين؛ _n3 |
||
| 541 | _cشراء؛ | ||
| 650 |
_aالإمامة عند الشيعة _922031 |
||
| 700 |
_aحسين، محمد كامل _914983 |
||
| 942 |
_cBB _k247.1م غ ر _2ddc |
||
| 999 |
_c5937 _d5937 |
||